000 01127nam a2200289 i 4500
001 bg
003 BPK
005 20250515063530.0
008 000114s1980 pl a f f |000 0 pol
015 _aPB 1981/2232
040 _aWA N
_cBPK
041 0 _apol
080 _a624.13
080 _a(075.8)
100 1 _aBolt, Adam.
245 1 0 _aPrzewodnik do badań geotechnicznych :
_bskrypt przeznaczony jest dla studentów II i III roku Instytutu Hydrotechniki i Wydziału Budownictwa Lądowego na studiach dziennych i wieczorowych /
_cAdam Bolt, Zdzisław Przewłócki, Bohdan Zadroga ; Politechnika Gdańska.
260 _aGdańsk :
_bWydaw. PG,
_c1980.
300 _a206 s. :
_bil., tab., wykr. ;
_c24 cm.
504 _aBibliogr. s. 205-206.
655 4 _aPodręczniki akademickie
650 4 _aGeologia inżynierska
700 1 _aPrzewłócki, Zdzisław.
700 1 _aZadroga, Bohdan
_d(1944- )
710 2 _aPolitechnika Gdańska.
_bWydawnictwo.
_4pbl.
856 _uhttp://koha.tu.koszalin.pl/cgi-bin/koha/opac-detail.pl?biblionumber=19609
_yKatalog online BPK
942 _2UKD
_cKS
999 _c19609
_d19609